000 00867cab a2200229 4500
001 X3724
008 090401t1996 xxu||||| |||| 00| 0 eng d
035 _a(Sirsi) u32367
041 _aeng
245 _aGosport BC v Abbey Developments Ltd
260 _c1996
350 _a0
490 _aPlanning Appeal Decisions
_v[1996] 11 PAD 484-489(6)
520 _aDecision letter 3 June 1996. The council refused planning permission for five detached two-storey dwellings with garages, driveways, access and landscaping on land within the Anglesey Conservation Area. Appeal dismissed.
650 _aCONSERVATION AREAS
650 _aGOSPORT BC V ABBEY DEVELOPMENTS LTD
650 _aPLANNING (LISTED BUILDINGS AND CONSERVATION AREAS) ACT 1990 S72
650 _aRESIDENTIAL DEVELOPMENT
690 _aPLANNING LAW AND PRACTICE
942 _n0
948 _c04/03/1997
999 _c21705
_d21705